[Event "Blitz Nancy 2018"]
[Site "Nancy"]
[Date "2018.03.03"]
[Round "10.4"]
[White "FEDORCHUK, Sergey"]
[Black "VAN FOREEST, Lucas"]
[Result "0-1"]
[BlackElo "2423"]
[WhiteElo "2571"]
[LiveChessVersion "1.4.8"]

1. e4 {[%clk 0:04:02]} e5 {[%clk 0:04:04]} 2. Nf3 {[%clk 0:04:03]} Nc6
{[%clk 0:04:05]} 3. Bb5 {[%clk 0:04:04]} Nf6 {[%clk 0:04:06]} 4. d3
{[%clk 0:03:59]} Bc5 {[%clk 0:04:07]} 5. O-O {[%clk 0:03:57]} Nd4
{[%clk 0:04:08]} 6. Nxd4 {[%clk 0:03:56]} Bxd4 {[%clk 0:04:09]} 7. Ba4
{[%clk 0:03:56]} c6 {[%clk 0:04:10]} 8. c3 {[%clk 0:03:54]} Bb6 {[%clk 0:04:11]}
9. Na3 {[%clk 0:03:53]} d6 {[%clk 0:04:12]} 10. Bb3 {[%clk 0:03:40]} Bg4
{[%clk 0:04:04]} 11. Qe1 {[%clk 0:03:32]} Be6 {[%clk 0:04:05]} 12. Nc4
{[%clk 0:03:06]} Bc7 {[%clk 0:04:06]} 13. Ne3 {[%clk 0:03:07]} Bxb3
{[%clk 0:04:02]} 14. axb3 {[%clk 0:03:09]} O-O {[%clk 0:04:02]} 15. Nf5
{[%clk 0:03:05]} Nh5 {[%clk 0:03:31]} 16. Qe2 {[%clk 0:02:19]} g6
{[%clk 0:03:31]} 17. Bh6 {[%clk 0:02:14]} Re8 {[%clk 0:03:19]} 18. g3
{[%clk 0:02:15]} Qf6 {[%clk 0:03:06]} 19. Ne3 {[%clk 0:02:06]} Qe6
{[%clk 0:03:02]} 20. f4 {[%clk 0:01:48]} Bb6 {[%clk 0:02:39]} 21. f5
{[%clk 0:01:45]} Qxb3 {[%clk 0:02:39]} 22. Rf2 {[%clk 0:01:31]} f6
{[%clk 0:02:32]} 23. Kh1 {[%clk 0:01:22]} Qf7 {[%clk 0:02:30]} 24. fxg6
{[%clk 0:01:15]} hxg6 {[%clk 0:02:24]} 25. Raf1 {[%clk 0:01:06]} Qh7
{[%clk 0:02:17]} 26. g4 {[%clk 0:01:01]} Qxh6 {[%clk 0:02:16]} 27. gxh5
{[%clk 0:01:02]} Qxe3 {[%clk 0:02:11]} 28. Qd1 {[%clk 0:01:01]} Rf8
{[%clk 0:01:58]} 29. hxg6 {[%clk 0:00:56]} Kg7 {[%clk 0:01:58]} 30. Qg4
{[%clk 0:00:56]} Qh6 {[%clk 0:00:45]} 31. Qd7+ {[%clk 0:00:51]} Kg8
{[%clk 0:00:36]} 32. Rf3 {[%clk 0:00:31]} Rae8 {[%clk 0:00:36]} 33. g7
{[%clk 0:00:32]} Qxg7 34. Rg3 Qxg3 {[%clk 0:00:26]} 35. hxg3 {[%clk 0:00:36]} Rd8
{[%clk 0:00:23]} 36. Qxb7 {[%clk 0:00:36]} Rf7 {[%clk 0:00:19]} 37. Qxc6
{[%clk 0:00:35]} Kg7 {[%clk 0:00:21]} 38. Kg2 {[%clk 0:00:36]} Be3
{[%clk 0:00:14]} 39. Rf3 {[%clk 0:00:32]} Bc1 {[%clk 0:00:13]} 40. Qb5
{[%clk 0:00:28]} Rdd7 {[%clk 0:00:14]} 41. b4 {[%clk 0:00:22]} Rc7
{[%clk 0:00:16]} 42. c4 {[%clk 0:00:20]} Bd2 {[%clk 0:00:17]} 43. c5
{[%clk 0:00:15]} Rb7 {[%clk 0:00:18]} 44. Qa6 {[%clk 0:00:14]} Bxb4
{[%clk 0:00:18]} 45. Qxd6 {[%clk 0:00:13]} Rbd7 {[%clk 0:00:16]} 46. Qe6
{[%clk 0:00:11]} Bxc5 47. Qg4+ {[%clk 0:00:12]} Kf8 {[%clk 0:00:18]} 48. Rxf6
{[%clk 0:00:13]} Rxf6 {[%clk 0:00:17]} 49. Qxd7 {[%clk 0:00:14]} Bd4
{[%clk 0:00:18]} 50. g4 {[%clk 0:00:11]} Rf4 {[%clk 0:00:20]} 51. g5
{[%clk 0:00:12]} Rf7 {[%clk 0:00:19]} 52. Kg3 {[%clk 0:00:13]} Rxd7
{[%clk 0:00:20]} 0-1

[Event "Blitz Nancy 2018"]
[Site "Nancy"]
[Date "2018.03.03"]
[Round "11.1"]
[White "LE ROUX, Jean-Pierre"]
[Black "BOK, Benjamin"]
[Result "1-0"]
[BlackElo "2579"]
[WhiteElo "2617"]
[LiveChessVersion "1.4.8"]

1. e4 {[%clk 0:04:03]} e5 {[%clk 0:04:03]} 2. Nc3 {[%clk 0:04:02]} Nf6
{[%clk 0:04:04]} 3. g3 {[%clk 0:04:03]} d5 {[%clk 0:04:03]} 4. exd5
{[%clk 0:04:02]} Nxd5 {[%clk 0:04:04]} 5. Bg2 {[%clk 0:04:02]} Nxc3
{[%clk 0:04:05]} 6. bxc3 {[%clk 0:04:02]} Bc5 {[%clk 0:04:05]} 7. Nf3
{[%clk 0:03:56]} Nc6 {[%clk 0:04:05]} 8. O-O {[%clk 0:03:50]} O-O
{[%clk 0:04:06]} 9. d3 {[%clk 0:03:46]} Bg4 {[%clk 0:04:04]} 10. h3
{[%clk 0:03:36]} Bh5 {[%clk 0:04:05]} 11. Re1 {[%clk 0:03:22]} Re8
{[%clk 0:03:54]} 12. g4 {[%clk 0:03:16]} Bg6 {[%clk 0:03:55]} 13. Ng5
{[%clk 0:03:15]} Bb6 {[%clk 0:03:48]} 14. Qf3 {[%clk 0:02:55]} Qd7
{[%clk 0:03:38]} 15. h4 {[%clk 0:02:47]} e4 {[%clk 0:03:10]} 16. Nxe4
{[%clk 0:01:48]} Ne5 {[%clk 0:03:10]} 17. Qg3 {[%clk 0:01:45]} Nxg4
{[%clk 0:02:57]} 18. Bh3 {[%clk 0:01:27]} h5 {[%clk 0:02:15]} 19. Bxg4
{[%clk 0:01:08]} hxg4 {[%clk 0:02:00]} 20. Bf4 {[%clk 0:01:04]} Qc6
{[%clk 0:01:55]} 21. Be5 {[%clk 0:00:15]} f6 {[%clk 0:01:45]} 22. Bd4
{[%clk 0:00:09]} Bxd4 {[%clk 0:01:34]} 23. cxd4 {[%clk 0:00:11]} Bxe4
{[%clk 0:01:35]} 24. dxe4 {[%clk 0:00:12]} Rxe4 {[%clk 0:01:34]} 25. Qb3+
{[%clk 0:00:12]} Kh8 {[%clk 0:01:32]} 26. d5 {[%clk 0:00:13]} Rxe1+
{[%clk 0:00:50]} 27. Rxe1 {[%clk 0:00:14]} Qd6 {[%clk 0:00:36]} 28. Re6
{[%clk 0:00:15]} Qf4 {[%clk 0:00:34]} 29. h5 {[%clk 0:00:11]} b6 {[%clk 0:00:30]}
30. Qd3 {[%clk 0:00:11]} Rd8 {[%clk 0:00:28]} 31. c4 {[%clk 0:00:12]} Qg5
{[%clk 0:00:10]} 32. Qg6 {[%clk 0:00:14]} Qxg6 {[%clk 0:00:04]} 33. hxg6
{[%clk 0:00:15]} Kg8 {[%clk 0:00:05]} 34. Re7 {[%clk 0:00:15]} Rc8
{[%clk 0:00:06]} 35. Kg2 {[%clk 0:00:13]} Kf8 {[%clk 0:00:04]} 36. Rf7+
{[%clk 0:00:14]} Kg8 {[%clk 0:00:04]} 37. Kg3 {[%clk 0:00:16]} c6
{[%clk 0:00:04]} 38. Kxg4 {[%clk 0:00:15]} cxd5 {[%clk 0:00:05]} 39. cxd5
{[%clk 0:00:16]} Rd8 {[%clk 0:00:05]} 40. Rxa7 {[%clk 0:00:16]} Kf8
{[%clk 0:00:07]} 41. Rf7+ {[%clk 0:00:17]} Kg8 {[%clk 0:00:08]} 42. Rb7
{[%clk 0:00:18]} Kf8 {[%clk 0:00:09]} 43. Rxb6 Rxd5 {[%clk 0:00:11]} 44. Rb8+
{[%clk 0:00:19]} Ke7 {[%clk 0:00:11]} 45. Rb7+ {[%clk 0:00:20]} Ke6
{[%clk 0:00:09]} 46. Rxg7 {[%clk 0:00:19]} Ra5 {[%clk 0:00:07]} 47. f4
{[%clk 0:00:19]} f5+ {[%clk 0:00:06]} 48. Kg5 {[%clk 0:00:19]} Rxa2
{[%clk 0:00:08]} 49. Rb7 {[%clk 0:00:19]} Rg2+ {[%clk 0:00:05]} 50. Kh6
{[%clk 0:00:20]} Kf6 {[%clk 0:00:04]} 51. Rb6+ {[%clk 0:00:21]} Ke7
{[%clk 0:00:05]} 52. Kg7 {[%clk 0:00:22]} Rg4 {[%clk 0:00:06]} 53. Rb4
{[%clk 0:00:23]} Ke6 {[%clk 0:00:04]} 54. Ra4 {[%clk 0:00:24]} Ke7
{[%clk 0:00:05]} 55. Ra7+ {[%clk 0:00:25]} Ke6 {[%clk 0:00:06]} 56. Ra6+
{[%clk 0:00:25]} Ke7 {[%clk 0:00:07]} 57. Ra4 {[%clk 0:00:23]} Ke6
{[%clk 0:00:08]} 58. Kh7 {[%clk 0:00:22]} Kf6 {[%clk 0:00:04]} 59. Ra6+
{[%clk 0:00:23]} Ke7 {[%clk 0:00:05]} 60. g7 {[%clk 0:00:21]} Kf7
{[%clk 0:00:04]} 61. Ra7+ {[%clk 0:00:22]} Kf6 {[%clk 0:00:05]} 62. g8=N+
{[%clk 0:00:14]} Ke6 {[%clk 0:00:06]} 63. Ra6+ {[%clk 0:00:11]} 1-0

[Event "Blitz Nancy 2018"]
[Site "Nancy"]
[Date "2018.03.03"]
[Round "11.2"]
[White "VAN FOREEST, Lucas"]
[Black "SCHCHEKACHEV, Andrei"]
[Result "1/2-1/2"]
[BlackElo "2522"]
[WhiteElo "2423"]
[LiveChessVersion "1.4.8"]

1. e4 {[%clk 0:04:03]} Nc6 {[%clk 0:04:03]} 2. d4 {[%clk 0:04:04]} e5
{[%clk 0:04:03]} 3. d5 {[%clk 0:04:06]} Nce7 {[%clk 0:03:59]} 4. c4
{[%clk 0:04:07]} Nf6 {[%clk 0:03:51]} 5. Nc3 {[%clk 0:04:05]} d6 {[%clk 0:03:50]}
6. f3 {[%clk 0:04:04]} g6 {[%clk 0:03:50]} 7. Be3 {[%clk 0:03:51]} Bg7
{[%clk 0:03:50]} 8. Nge2 {[%clk 0:03:52]} a6 {[%clk 0:03:34]} 9. Nc1
{[%clk 0:03:45]} Nh5 {[%clk 0:03:29]} 10. c5 {[%clk 0:03:37]} O-O
{[%clk 0:03:24]} 11. Be2 {[%clk 0:03:29]} f5 {[%clk 0:03:24]} 12. O-O
{[%clk 0:03:29]} Nf4 {[%clk 0:03:03]} 13. Nd3 {[%clk 0:03:30]} Nxe2+
{[%clk 0:02:59]} 14. Qxe2 {[%clk 0:03:30]} f4 {[%clk 0:02:52]} 15. Bf2
{[%clk 0:03:31]} g5 16. cxd6 cxd6 {[%clk 0:02:54]} 17. Na4 {[%clk 0:03:33]} Bd7
{[%clk 0:02:41]} 18. Nb6 Rb8 19. Nxd7 {[%clk 0:03:31]} Qxd7 {[%clk 0:02:43]} 20.
a4 {[%clk 0:03:22]} h5 {[%clk 0:02:43]} 21. Rfc1 {[%clk 0:03:12]} g4
{[%clk 0:02:38]} 22. Bb6 {[%clk 0:03:11]} Rbc8 {[%clk 0:02:36]} 23. b3
{[%clk 0:02:49]} Ng6 {[%clk 0:02:37]} 24. Rxc8 {[%clk 0:02:17]} Rxc8
{[%clk 0:02:36]} 25. Rc1 {[%clk 0:02:18]} Rxc1+ {[%clk 0:02:26]} 26. Nxc1
{[%clk 0:02:20]} Nh4 {[%clk 0:02:25]} 27. Bf2 {[%clk 0:01:42]} Bf6
{[%clk 0:01:45]} 28. Nd3 {[%clk 0:00:59]} Qc8 {[%clk 0:01:36]} 29. Bxh4
{[%clk 0:00:59]} Bxh4 {[%clk 0:01:36]} 30. Qd2 {[%clk 0:00:47]} Bd8
{[%clk 0:01:27]} 31. Qc1 {[%clk 0:00:44]} Bb6+ {[%clk 0:01:20]} 32. Kf1
{[%clk 0:00:45]} Qd7 {[%clk 0:01:15]} 33. Ne1 {[%clk 0:00:46]} Kf7
{[%clk 0:00:57]} 34. Qc2 {[%clk 0:00:43]} Qd8 {[%clk 0:00:53]} 35. g3
{[%clk 0:00:26]} fxg3 {[%clk 0:00:37]} 36. hxg3 {[%clk 0:00:27]} Qg5
{[%clk 0:00:36]} 37. Qc8 {[%clk 0:00:22]} Qe3 {[%clk 0:00:31]} 38. Qf5+
{[%clk 0:00:21]} Kg7 {[%clk 0:00:27]} 39. Qd7+ {[%clk 0:00:21]} Kg8
{[%clk 0:00:26]} 40. Qe8+ {[%clk 0:00:18]} Kg7 {[%clk 0:00:27]} 41. Qe7+
{[%clk 0:00:18]} Kg8 {[%clk 0:00:28]} 42. Qe8+ {[%clk 0:00:18]} Kg7
{[%clk 0:00:29]} 43. Qe7+ Kg8 44. Qe8+ {[%clk 0:00:16]} 1/2-1/2

[Event "Blitz Nancy 2018"]
[Site "Nancy"]
[Date "2018.03.03"]
[Round "11.3"]
[White "DONCHENKO, Alexander"]
[Black "GUREVICH, Mikhail"]
[Result "1-0"]
[BlackElo "2582"]
[WhiteElo "2547"]
[LiveChessVersion "1.4.8"]

1. d4 {[%clk 0:04:03]} d6 {[%clk 0:04:00]} 2. Nf3 g6 3. g3 {[%clk 0:04:05]} Bg7
{[%clk 0:04:02]} 4. Bg2 {[%clk 0:04:06]} f5 {[%clk 0:04:04]} 5. c4
{[%clk 0:04:06]} Nf6 {[%clk 0:04:04]} 6. Nc3 {[%clk 0:04:07]} O-O
{[%clk 0:04:05]} 7. O-O {[%clk 0:04:07]} Qe8 {[%clk 0:04:06]} 8. b3
{[%clk 0:03:58]} e5 {[%clk 0:04:07]} 9. dxe5 {[%clk 0:03:54]} dxe5
{[%clk 0:04:07]} 10. e4 {[%clk 0:03:51]} Nc6 {[%clk 0:04:02]} 11. Nd5
{[%clk 0:03:38]} Rf7 {[%clk 0:03:58]} 12. exf5 {[%clk 0:03:33]} Bxf5
{[%clk 0:03:51]} 13. Be3 {[%clk 0:03:24]} Rd8 {[%clk 0:03:35]} 14. Ng5
{[%clk 0:03:14]} Rfd7 {[%clk 0:03:33]} 15. Qe2 {[%clk 0:02:54]} Ng4
{[%clk 0:03:06]} 16. Ne4 {[%clk 0:02:41]} Nd4 {[%clk 0:02:28]} 17. Bxd4
{[%clk 0:02:34]} exd4 {[%clk 0:02:29]} 18. h3 {[%clk 0:02:35]} Bxe4
{[%clk 0:02:15]} 19. Bxe4 {[%clk 0:02:20]} Nf6 {[%clk 0:01:54]} 20. Nxf6+
{[%clk 0:02:15]} Bxf6 {[%clk 0:01:53]} 21. Qf3 {[%clk 0:02:11]} c6
{[%clk 0:01:46]} 22. Rae1 {[%clk 0:01:55]} Qf7 {[%clk 0:01:43]} 23. Bd3
{[%clk 0:01:55]} Kg7 {[%clk 0:01:42]} 24. h4 {[%clk 0:01:56]} Re7
{[%clk 0:01:42]} 25. Re4 {[%clk 0:01:52]} Rxe4 {[%clk 0:01:41]} 26. Qxe4
{[%clk 0:01:49]} Re8 {[%clk 0:01:41]} 27. Qf4 {[%clk 0:01:49]} Qe7
{[%clk 0:01:39]} 28. h5 {[%clk 0:01:39]} Qe5 {[%clk 0:01:31]} 29. Qxe5
{[%clk 0:01:13]} Rxe5 {[%clk 0:01:31]} 30. hxg6 {[%clk 0:01:14]} hxg6
{[%clk 0:01:31]} 31. Kg2 {[%clk 0:01:08]} a5 {[%clk 0:01:31]} 32. Rb1
{[%clk 0:01:02]} Be7 {[%clk 0:01:31]} 33. Rh1 {[%clk 0:00:53]} Bf6
{[%clk 0:01:20]} 34. Kf3 {[%clk 0:00:51]} Re8 {[%clk 0:01:16]} 35. Rb1
{[%clk 0:00:50]} Re5 {[%clk 0:01:13]} 36. b4 {[%clk 0:00:48]} axb4
{[%clk 0:01:11]} 37. Rxb4 {[%clk 0:00:49]} Re7 {[%clk 0:01:12]} 38. a4
{[%clk 0:00:44]} Rd7 {[%clk 0:01:12]} 39. Rb1 {[%clk 0:00:37]} Bd8
{[%clk 0:01:05]} 40. Ke2 {[%clk 0:00:35]} Re7+ {[%clk 0:01:05]} 41. Kd1
{[%clk 0:00:28]} Ba5 {[%clk 0:01:05]} 42. Kc2 {[%clk 0:00:29]} b6
{[%clk 0:01:02]} 43. Rh1 {[%clk 0:00:29]} Be1 {[%clk 0:00:59]} 44. Rf1
{[%clk 0:00:20]} c5 {[%clk 0:00:56]} 45. Kd1 {[%clk 0:00:20]} Bb4
{[%clk 0:00:56]} 46. Rh1 {[%clk 0:00:20]} Ra7 {[%clk 0:00:54]} 47. Rh4
{[%clk 0:00:13]} Re7 {[%clk 0:00:42]} 48. Rg4 {[%clk 0:00:11]} Re6
{[%clk 0:00:43]} 49. Be4 {[%clk 0:00:11]} Kh6 {[%clk 0:00:37]} 50. Rh4+
{[%clk 0:00:11]} Kg7 {[%clk 0:00:38]} 51. Ke2 {[%clk 0:00:10]} Re7
{[%clk 0:00:36]} 52. Kd3 {[%clk 0:00:10]} Rf7 {[%clk 0:00:34]} 53. f4
{[%clk 0:00:10]} Rf6 {[%clk 0:00:35]} 54. Rg4 {[%clk 0:00:11]} Kh6
{[%clk 0:00:36]} 55. Rh4+ {[%clk 0:00:12]} Kg7 {[%clk 0:00:37]} 56. Rh1
{[%clk 0:00:13]} Re6 {[%clk 0:00:37]} 57. Rh2 {[%clk 0:00:12]} Re7
{[%clk 0:00:38]} 58. Rh4 {[%clk 0:00:12]} Re6 {[%clk 0:00:39]} 59. Rg4
{[%clk 0:00:13]} Rf6 {[%clk 0:00:41]} 60. f5 Kh6 {[%clk 0:00:41]} 61. fxg6
{[%clk 0:00:14]} Kg7 {[%clk 0:00:42]} 62. Rh4 {[%clk 0:00:14]} Be1
{[%clk 0:00:42]} 63. Rh7+ {[%clk 0:00:14]} Kf8 {[%clk 0:00:40]} 64. g4
{[%clk 0:00:14]} Rd6 {[%clk 0:00:36]} 65. Bf5 {[%clk 0:00:14]} Bg3
{[%clk 0:00:37]} 66. Rb7 {[%clk 0:00:14]} Be5 {[%clk 0:00:37]} 67. Ke4
{[%clk 0:00:14]} Bf6 {[%clk 0:00:38]} 68. Rf7+ {[%clk 0:00:13]} Kg8
{[%clk 0:00:40]} 69. Kd3 {[%clk 0:00:14]} Bg7 {[%clk 0:00:38]} 70. Be4
{[%clk 0:00:15]} Rf6 {[%clk 0:00:38]} 71. Rb7 {[%clk 0:00:13]} Bh6
{[%clk 0:00:38]} 72. Bd5+ {[%clk 0:00:14]} Kf8 {[%clk 0:00:38]} 73. Rb8+
{[%clk 0:00:14]} Ke7 {[%clk 0:00:39]} 74. g5 {[%clk 0:00:12]} Rxg6
{[%clk 0:00:38]} 75. gxh6 {[%clk 0:00:11]} Rxh6 {[%clk 0:00:39]} 76. Rb7+
{[%clk 0:00:12]} Kd8 {[%clk 0:00:40]} 77. Ra7 {[%clk 0:00:12]} Kc8
{[%clk 0:00:40]} 78. Ke4 {[%clk 0:00:12]} Kb8 {[%clk 0:00:41]} 79. Rb7+
{[%clk 0:00:13]} Kc8 {[%clk 0:00:43]} 80. Rg7 {[%clk 0:00:14]} Rh5
{[%clk 0:00:40]} 81. Rg6 {[%clk 0:00:14]} Kc7 {[%clk 0:00:41]} 82. Rc6+
{[%clk 0:00:15]} Kd7 {[%clk 0:00:42]} 83. Rxb6 {[%clk 0:00:16]} Rh4+
{[%clk 0:00:44]} 84. Kd3 {[%clk 0:00:15]} Rh3+ {[%clk 0:00:45]} 85. Kc2
{[%clk 0:00:16]} Rh2+ {[%clk 0:00:45]} 86. Kb3 {[%clk 0:00:17]} Rh3+
{[%clk 0:00:46]} 87. Ka2 {[%clk 0:00:19]} Rh2+ {[%clk 0:00:47]} 88. Rb2
{[%clk 0:00:20]} Rh6 {[%clk 0:00:47]} 89. a5 {[%clk 0:00:20]} Ra6
{[%clk 0:00:48]} 90. Rb5 {[%clk 0:00:21]} d3 {[%clk 0:00:48]} 91. Kb2
{[%clk 0:00:21]} Kd6 {[%clk 0:00:49]} 92. Kc3 {[%clk 0:00:22]} Ke5
{[%clk 0:00:50]} 93. Kxd3 {[%clk 0:00:23]} Rh6 {[%clk 0:00:51]} 94. Kc2
{[%clk 0:00:23]} Kd4 {[%clk 0:00:52]} 95. Kb2 {[%clk 0:00:24]} Rh2+
{[%clk 0:00:53]} 96. Ka3 {[%clk 0:00:25]} Rh6 {[%clk 0:00:52]} 97. Rb6
{[%clk 0:00:25]} Rh3+ {[%clk 0:00:53]} 98. Ka4 {[%clk 0:00:26]} Rh2
{[%clk 0:00:53]} 99. a6 {[%clk 0:00:27]} 1-0

[Event "Blitz Nancy 2018"]
[Site "Nancy"]
[Date "2018.03.03"]
[Round "11.4"]
[White "NEVEDNICHY, Vladislav"]
[Black "KEKELIDZE, Mikheil"]
[Result "0-1"]
[BlackElo "2394"]
[WhiteElo "2553"]
[LiveChessVersion "1.4.8"]

1. e4 {[%clk 0:04:03]} c5 {[%clk 0:04:03]} 2. Be2 {[%clk 0:04:00]} Nc6
{[%clk 0:04:01]} 3. f4 {[%clk 0:04:00]} d5 {[%clk 0:03:56]} 4. d3
{[%clk 0:04:01]} e6 {[%clk 0:03:19]} 5. Nf3 {[%clk 0:03:57]} Nf6 {[%clk 0:03:08]}
6. e5 {[%clk 0:03:56]} Nd7 {[%clk 0:03:09]} 7. c4 {[%clk 0:03:53]} Nb6
{[%clk 0:03:04]} 8. O-O {[%clk 0:03:13]} Be7 {[%clk 0:03:04]} 9. Nc3
{[%clk 0:03:13]} O-O {[%clk 0:03:04]} 10. Kh1 {[%clk 0:03:01]} f5
{[%clk 0:02:53]} 11. b3 {[%clk 0:02:41]} d4 {[%clk 0:02:51]} 12. Nb5
{[%clk 0:02:33]} a6 {[%clk 0:02:42]} 13. Na3 {[%clk 0:02:34]} Bd7
{[%clk 0:02:39]} 14. Nc2 {[%clk 0:02:33]} a5 {[%clk 0:02:39]} 15. Bd2
{[%clk 0:02:26]} Be8 {[%clk 0:02:28]} 16. a3 {[%clk 0:02:26]} Nc8
{[%clk 0:02:03]} 17. Qe1 {[%clk 0:02:23]} b6 {[%clk 0:02:00]} 18. Qg3
{[%clk 0:02:09]} Nb8 {[%clk 0:01:54]} 19. b4 {[%clk 0:02:04]} a4 {[%clk 0:01:54]}
20. Rfb1 {[%clk 0:02:00]} Bc6 {[%clk 0:01:53]} 21. Qf2 {[%clk 0:01:53]} Nd7
{[%clk 0:01:50]} 22. Ng1 {[%clk 0:01:47]} Qe8 {[%clk 0:01:50]} 23. Bf3
{[%clk 0:01:47]} Nb8 {[%clk 0:01:39]} 24. Ne1 {[%clk 0:01:39]} Bxf3
{[%clk 0:01:32]} 25. Qxf3 {[%clk 0:01:36]} Qc6 {[%clk 0:01:23]} 26. Qg3
{[%clk 0:01:31]} Nd7 {[%clk 0:01:18]} 27. Ra2 {[%clk 0:01:26]} Kh8
{[%clk 0:01:19]} 28. Rab2 {[%clk 0:01:24]} Rg8 {[%clk 0:01:18]} 29. Qf3
{[%clk 0:01:23]} Na7 {[%clk 0:01:01]} 30. bxc5 {[%clk 0:01:16]} Bxc5
{[%clk 0:00:54]} 31. Nc2 {[%clk 0:01:12]} g5 {[%clk 0:00:51]} 32. Nb4
{[%clk 0:00:46]} Qxf3 {[%clk 0:00:30]} 33. Nxf3 {[%clk 0:00:47]} g4
{[%clk 0:00:31]} 34. Ng5 {[%clk 0:00:47]} Rg6 {[%clk 0:00:30]} 35. Nf7+
{[%clk 0:00:42]} Kg7 {[%clk 0:00:27]} 36. Nd6 {[%clk 0:00:43]} Bxd6
{[%clk 0:00:08]} 37. exd6 {[%clk 0:00:43]} Nc5 {[%clk 0:00:10]} 38. Nc2
{[%clk 0:00:28]} Nb3 {[%clk 0:00:04]} 39. Be1 {[%clk 0:00:19]} Nc6
{[%clk 0:00:05]} 40. Bf2 {[%clk 0:00:17]} Rd8 {[%clk 0:00:06]} 41. Rxb3
{[%clk 0:00:16]} axb3 {[%clk 0:00:07]} 42. Rxb3 {[%clk 0:00:17]} e5
{[%clk 0:00:05]} 43. Rxb6 {[%clk 0:00:16]} Rgxd6 {[%clk 0:00:06]} 44. fxe5
{[%clk 0:00:14]} Nxe5 {[%clk 0:00:07]} 45. Rxd6 {[%clk 0:00:08]} Rxd6
{[%clk 0:00:08]} 46. Bxd4 {[%clk 0:00:10]} Kf6 {[%clk 0:00:09]} 47. Kg1
{[%clk 0:00:05]} Ke6 {[%clk 0:00:09]} 48. Bxe5 {[%clk 0:00:05]} Kxe5
{[%clk 0:00:10]} 49. Nb4 {[%clk 0:00:06]} Kd4 {[%clk 0:00:09]} 50. g3
{[%clk 0:00:04]} Re6 {[%clk 0:00:08]} 51. Kf2 {[%clk 0:00:05]} Re3
{[%clk 0:00:08]} 52. a4 {[%clk 0:00:06]} Re8 {[%clk 0:00:07]} 53. a5
{[%clk 0:00:06]} Ra8 {[%clk 0:00:06]} 54. a6 Kc5 55. Nc2 Rxa6 56. Ke1 0-1